| 000 | 01137cad a22002175a 4500 | ||
|---|---|---|---|
| 001 | L139726 | ||
| 008 | 070806e20070802xxk f s f000 0 eng d | ||
| 035 | _a(Sirsi) u139726 | ||
| 041 | 0 | _aeng | |
| 110 | 1 |
_aUnited Kingdom _bDepartment for Business, Enterprise and Regulatory Reform _95262 |
|
| 245 | 0 | 0 |
_aNew construction orders _bJune 2007 _h[electronic resource] |
| 260 | _c2007 | ||
| 490 |
_aNational Statistics News Release _v(URN 07/395f) 2 August 2007 |
||
| 520 | _aIn the 12 months to June 2007, orders increased by 3% compared with the previous 12 months, and in the second quarter of 2007, orders increased by 3% compared to the same period in 2006. Orders in the second quarter of 2007 increased by 5% compared to the first quarter of 2007, boosted by rises in private commercial, public non-housing and private housing orders. | ||
| 590 | _aKA | ||
| 650 | 2 | 4 | _aDBERR NEW CONSTRUCTION ORDERS |
| 651 | 4 |
_aGreat Britain _y1707- |
|
| 690 | _aBUILT ENVIRONMENT-CONSTRUCTION MARKET | ||
| 856 | 4 | 0 |
_uhttps://stats.bis.gov.uk/construction/neworders/index.asp _zView the item free of charge at http://stats.bis.gov.uk |
| 942 | _n0 | ||
| 999 |
_c79071 _d79071 |
||